<?xml version="1.0" encoding="UTF-8"?><marc:collection xmlns:marc="http://www.loc.gov/MARC21/slim">
  <marc:record>
    <marc:leader>03477nas a2200541 c 4500</marc:leader>
    <marc:controlfield tag="001">010003657</marc:controlfield>
    <marc:controlfield tag="003">DE-101</marc:controlfield>
    <marc:controlfield tag="005">20250519150416.0</marc:controlfield>
    <marc:controlfield tag="007">tu</marc:controlfield>
    <marc:controlfield tag="008">991118d18691955gw u||p|  ||| 0||||1ger c</marc:controlfield>
    <marc:datafield tag="016" ind1="7" ind2=" ">
      <marc:subfield code="2">DE-600</marc:subfield>
      <marc:subfield code="a">445-5</marc:subfield>
    </marc:datafield>
    <marc:datafield tag="016" ind1="7" ind2=" ">
      <marc:subfield code="2">DE-101</marc:subfield>
      <marc:subfield code="a">010003657</marc:subfield>
    </marc:datafield>
    <marc:datafield tag="022" ind1=" " ind2=" ">
      <marc:subfield code="a">0365-6020</marc:subfield>
    </marc:datafield>
    <marc:datafield tag="035" ind1=" " ind2=" ">
      <marc:subfield code="a">(DE-599)ZDB445-5</marc:subfield>
    </marc:datafield>
    <marc:datafield tag="035" ind1=" " ind2=" ">
      <marc:subfield code="a">(OCoLC)1367321091</marc:subfield>
    </marc:datafield>
    <marc:datafield tag="040" ind1=" " ind2=" ">
      <marc:subfield code="a">9001</marc:subfield>
      <marc:subfield code="b">ger</marc:subfield>
      <marc:subfield code="c">DE-101</marc:subfield>
      <marc:subfield code="d">8007</marc:subfield>
    </marc:datafield>
    <marc:datafield tag="041" ind1=" " ind2=" ">
      <marc:subfield code="a">ger</marc:subfield>
    </marc:datafield>
    <marc:datafield tag="042" ind1=" " ind2=" ">
      <marc:subfield code="a">zdb</marc:subfield>
    </marc:datafield>
    <marc:datafield tag="044" ind1=" " ind2=" ">
      <marc:subfield code="c">XA-DE</marc:subfield>
      <marc:subfield code="c">XA-AAAT</marc:subfield>
    </marc:datafield>
    <marc:datafield tag="082" ind1="7" ind2="4">
      <marc:subfield code="a">610</marc:subfield>
      <marc:subfield code="q">DE-600</marc:subfield>
      <marc:subfield code="2">22sdnb</marc:subfield>
    </marc:datafield>
    <marc:datafield tag="245" ind1="0" ind2="0">
      <marc:subfield code="a">Archiv für Dermatologie und Syphilis</marc:subfield>
      <marc:subfield code="b">Kongressorgan d. Deutschen Dermatologischen Gesellschaft</marc:subfield>
      <marc:subfield code="c">hrsg. von L. Arzt [u.a.]</marc:subfield>
    </marc:datafield>
    <marc:datafield tag="264" ind1="3" ind2="1">
      <marc:subfield code="a">Berlin</marc:subfield>
      <marc:subfield code="a">Göttingen</marc:subfield>
      <marc:subfield code="a">Heidelberg</marc:subfield>
      <marc:subfield code="b">Springer</marc:subfield>
      <marc:subfield code="c">1869-1955</marc:subfield>
    </marc:datafield>
    <marc:datafield tag="264" ind1="2" ind2="1">
      <marc:subfield code="3">teils</marc:subfield>
      <marc:subfield code="a">Leipzig</marc:subfield>
      <marc:subfield code="b">Braumüller</marc:subfield>
    </marc:datafield>
    <marc:datafield tag="264" ind1=" " ind2="1">
      <marc:subfield code="3">1869-1873</marc:subfield>
      <marc:subfield code="a">Prag</marc:subfield>
      <marc:subfield code="b">J. G. Calv E'sche K. K. Univ.-Buchhandlung. Ottomar Beyer</marc:subfield>
    </marc:datafield>
    <marc:datafield tag="336" ind1=" " ind2=" ">
      <marc:subfield code="a">Text</marc:subfield>
      <marc:subfield code="b">txt</marc:subfield>
      <marc:subfield code="2">rdacontent</marc:subfield>
    </marc:datafield>
    <marc:datafield tag="337" ind1=" " ind2=" ">
      <marc:subfield code="a">ohne Hilfsmittel zu benutzen</marc:subfield>
      <marc:subfield code="b">n</marc:subfield>
      <marc:subfield code="2">rdamedia</marc:subfield>
    </marc:datafield>
    <marc:datafield tag="338" ind1=" " ind2=" ">
      <marc:subfield code="a">Band</marc:subfield>
      <marc:subfield code="b">nc</marc:subfield>
      <marc:subfield code="2">rdacarrier</marc:subfield>
    </marc:datafield>
    <marc:datafield tag="362" ind1="0" ind2=" ">
      <marc:subfield code="a">1.1869-5.1873 ; 21.1889-185.1944,3 ; 186.1946/48,Sept.-200.1955</marc:subfield>
    </marc:datafield>
    <marc:datafield tag="363" ind1="0" ind2="0">
      <marc:subfield code="8">1.1\x</marc:subfield>
      <marc:subfield code="a">1</marc:subfield>
      <marc:subfield code="i">1869</marc:subfield>
    </marc:datafield>
    <marc:datafield tag="363" ind1="1" ind2="0">
      <marc:subfield code="8">1.2\x</marc:subfield>
      <marc:subfield code="a">5</marc:subfield>
      <marc:subfield code="i">1873</marc:subfield>
    </marc:datafield>
    <marc:datafield tag="363" ind1="0" ind2="0">
      <marc:subfield code="8">2.1\x</marc:subfield>
      <marc:subfield code="a">21</marc:subfield>
      <marc:subfield code="i">1889</marc:subfield>
    </marc:datafield>
    <marc:datafield tag="363" ind1="1" ind2="0">
      <marc:subfield code="8">2.2\x</marc:subfield>
      <marc:subfield code="a">185</marc:subfield>
      <marc:subfield code="i">1944</marc:subfield>
    </marc:datafield>
    <marc:datafield tag="363" ind1="0" ind2="0">
      <marc:subfield code="8">3.1\x</marc:subfield>
      <marc:subfield code="a">186</marc:subfield>
      <marc:subfield code="i">1946/48</marc:subfield>
    </marc:datafield>
    <marc:datafield tag="363" ind1="1" ind2="0">
      <marc:subfield code="8">3.2\x</marc:subfield>
      <marc:subfield code="a">200</marc:subfield>
      <marc:subfield code="i">1955</marc:subfield>
    </marc:datafield>
    <marc:datafield tag="500" ind1=" " ind2=" ">
      <marc:subfield code="a">Ungezählte Beilage: Ergänzungsheft</marc:subfield>
    </marc:datafield>
    <marc:datafield tag="583" ind1="1" ind2=" ">
      <marc:subfield code="3">1.1869 -  5.1873; 21.1889 - 68.1903</marc:subfield>
      <marc:subfield code="a">Digitalisiert</marc:subfield>
      <marc:subfield code="c">2023</marc:subfield>
      <marc:subfield code="5">DE-38M</marc:subfield>
      <marc:subfield code="2">pdager</marc:subfield>
    </marc:datafield>
    <marc:datafield tag="591" ind1=" " ind2=" ">
      <marc:subfield code="a">F/FCBC</marc:subfield>
    </marc:datafield>
    <marc:datafield tag="655" ind1=" " ind2="7">
      <marc:subfield code="0">(DE-588)4067488-5</marc:subfield>
      <marc:subfield code="0">https://d-nb.info/gnd/4067488-5</marc:subfield>
      <marc:subfield code="0">(DE-101)040674886</marc:subfield>
      <marc:subfield code="a">Zeitschrift</marc:subfield>
      <marc:subfield code="2">gnd-content</marc:subfield>
    </marc:datafield>
    <marc:datafield tag="710" ind1="2" ind2=" ">
      <marc:subfield code="0">(DE-588)6648-5</marc:subfield>
      <marc:subfield code="0">https://d-nb.info/gnd/6648-5</marc:subfield>
      <marc:subfield code="0">(DE-101)000066486</marc:subfield>
      <marc:subfield code="a">Deutsche Dermatologische Gesellschaft</marc:subfield>
      <marc:subfield code="e">Herausgebendes Organ</marc:subfield>
      <marc:subfield code="4">isb</marc:subfield>
      <marc:subfield code="2">gnd</marc:subfield>
    </marc:datafield>
    <marc:datafield tag="770" ind1="0" ind2="8">
      <marc:subfield code="i">Supplement</marc:subfield>
      <marc:subfield code="t">Zentralblatt Haut- und Geschlechtskrankheiten</marc:subfield>
      <marc:subfield code="d">Berlin ; Heidelberg [u.a.] : Springer, 1921-1996</marc:subfield>
      <marc:subfield code="x">0343-3048</marc:subfield>
      <marc:subfield code="w">(DE-600)200952-3</marc:subfield>
      <marc:subfield code="w">(DE-101)011141395</marc:subfield>
    </marc:datafield>
    <marc:datafield tag="776" ind1="0" ind2="8">
      <marc:subfield code="i">Erscheint auch als</marc:subfield>
      <marc:subfield code="n">Online-Ausgabe, 1869-1873</marc:subfield>
      <marc:subfield code="t">Archiv für Dermatologie und Syphilis</marc:subfield>
      <marc:subfield code="d">Berlin ; Heidelberg ; New York : Springer, 1869-1873</marc:subfield>
      <marc:subfield code="h">Online-Ressource</marc:subfield>
      <marc:subfield code="w">(DE-600)3214973-6</marc:subfield>
      <marc:subfield code="w">(DE-101)1366089863</marc:subfield>
    </marc:datafield>
    <marc:datafield tag="776" ind1="0" ind2="8">
      <marc:subfield code="i">Erscheint auch als</marc:subfield>
      <marc:subfield code="n">Online-Ausgabe, 1889-1955</marc:subfield>
      <marc:subfield code="t">Archiv für Dermatologie und Syphilis</marc:subfield>
      <marc:subfield code="d">Berlin ; Heidelberg ; New York : Springer, 1889-1955</marc:subfield>
      <marc:subfield code="h">Online-Ressource</marc:subfield>
      <marc:subfield code="w">(DE-600)3214967-0</marc:subfield>
      <marc:subfield code="w">(DE-101)1366088689</marc:subfield>
    </marc:datafield>
    <marc:datafield tag="776" ind1="0" ind2="8">
      <marc:subfield code="i">Elektronische Reproduktion</marc:subfield>
      <marc:subfield code="t">Archiv für Dermatologie und Syphilis</marc:subfield>
      <marc:subfield code="d">Berlin ; Göttingen ; Heidelberg : Springer, 1869-1955</marc:subfield>
      <marc:subfield code="h">Online-Ressource</marc:subfield>
      <marc:subfield code="w">(DE-600)2793915-7</marc:subfield>
      <marc:subfield code="w">(DE-101)1059601966</marc:subfield>
    </marc:datafield>
    <marc:datafield tag="785" ind1="0" ind2="8">
      <marc:subfield code="i">N.F. 1=6.1874 - 15=20.1888</marc:subfield>
      <marc:subfield code="t">Vierteljahresschrift für Dermatologie und Syphilis</marc:subfield>
      <marc:subfield code="d">Wien : Wilhelm Braumüller. k. k. Hof- und Universitätsbuchhändler, [1874-1888]</marc:subfield>
      <marc:subfield code="x">1015-2075</marc:subfield>
      <marc:subfield code="w">(DE-600)391392-2</marc:subfield>
      <marc:subfield code="w">(DE-101)012155411</marc:subfield>
    </marc:datafield>
    <marc:datafield tag="785" ind1="0" ind2="0">
      <marc:subfield code="i">Fortgesetzt durch</marc:subfield>
      <marc:subfield code="t">Archiv für klinische und experimentelle Dermatologie</marc:subfield>
      <marc:subfield code="d">Berlin ; Heidelberg [u.a.] : Springer, 1955-1971</marc:subfield>
      <marc:subfield code="x">0300-8614</marc:subfield>
      <marc:subfield code="w">(DE-600)120839-1</marc:subfield>
      <marc:subfield code="w">(DE-101)010680292</marc:subfield>
    </marc:datafield>
    <marc:datafield tag="787" ind1="0" ind2="8">
      <marc:subfield code="i">21,Erg.-H.=1; 24,Erg.-H.1=3; 29=4; 34=5; 47=6; 72=8; 82=9; 91=10; 119,1=11; 138=12; 145=13; 151=14; 155=15, 160=16; 172=17; 177=18, 180=19; 184=20; 191=21; 200=22 von</marc:subfield>
      <marc:subfield code="a">Deutsche Dermatologische Gesellschaft</marc:subfield>
      <marc:subfield code="t">Verhandlungen der Deutschen Dermatologischen Gesellschaft</marc:subfield>
      <marc:subfield code="d">Berlin ; Heidelberg ; New York, NY ; London ; Paris ; Tokyo ; Hong Kong ; Barcelona : Springer, 1889-1990</marc:subfield>
      <marc:subfield code="x">0344-3175</marc:subfield>
      <marc:subfield code="w">(DE-600)201584-5</marc:subfield>
      <marc:subfield code="w">(DE-101)011146672</marc:subfield>
    </marc:datafield>
    <marc:datafield tag="787" ind1="0" ind2="8">
      <marc:subfield code="i">Erg.-H. zugl. einzelne H. von</marc:subfield>
      <marc:subfield code="t">Beiträge zur Dermatologie und Syphilis</marc:subfield>
      <marc:subfield code="d">Wien ; Leipzig : Braumüller, 1891-1892</marc:subfield>
      <marc:subfield code="w">(DE-600)1307006-X</marc:subfield>
      <marc:subfield code="w">(DE-101)018112021</marc:subfield>
    </marc:datafield>
    <marc:datafield tag="850" ind1=" " ind2=" ">
      <marc:subfield code="a">DE-101b</marc:subfield>
    </marc:datafield>
  </marc:record>
</marc:collection>
